Mexican illustrations, founded upon facts (Record no. 3582)

MARC details
000 -CABECERA
campo de control de longitud fija 00878nam a2200241 a 4500
001 - NÚMERO DE CONTROL
campo de control BRCA_3854
005 - FECHA Y HORA DE LA ÚLTIMA TRANSACCIÓN
campo de control 20190320204441.0
008 - DATOS DE LONGITUD FIJA--INFORMACIÓN GENERAL
campo de control de longitud fija 171209s1828----enka######---#000-0#eng-#
041 ## - CÓDIGO DE LENGUA
Código de lengua del texto/banda sonora o título independiente eng
044 ## - CÓDIGO DEL PAÍS DE LA ENTIDAD EDITORA/PRODUCTORA
Código MARC del país enk
050 #4 - SIGNATURA TOPOGRÁFICA DE LA BIBLIOTECA DEL CONGRESO
Número de clasificación F1208
Número de documento/Ítem .B43 1828
100 1# - ENTRADA PRINCIPAL--NOMBRE DE PERSONA
Nombre de persona Beaufoy, Mark.
9 (RLIN) 10037
245 10 - MENCIÓN DE TÍTULO
Título Mexican illustrations, founded upon facts
Resto del título indicative of the present condition of society, manners, religión, and morals, among the Spanish and native inhabitants of México...
Mención de responsabilidad, etc. by Mark Beaufoy.
260 ## - PUBLICACIÓN, DISTRIBUCIÓN, ETC.
Lugar de publicación, distribución, etc. London
Nombre del editor, distribuidor, etc. Carpenter
Fecha de publicación, distribución, etc. 1828
300 ## - DESCRIPCIÓN FÍSICA
Extensión 310 p.
Otras características físicas il.
Dimensiones 22 cm.
500 ## - NOTA GENERAL
Nota general C13.
500 ## - NOTA GENERAL
Nota general Incluye un texto de 15 páginas: Mexican Finances and Dividens. London: E. Wilson, 1827.
650 14 - PUNTO DE ACCESO ADICIONAL DE MATERIA--TÉRMINO DE MATERIA
Término de materia o nombre geográfico como elemento de entrada Viajeros ingleses
9 (RLIN) 7018
651 #4 - PUNTO DE ACCESO ADICIONAL DE MATERIA--NOMBRE GEOGRÁFICO
Nombre geográfico México
Subdivisión de forma Condiciones económicas
9 (RLIN) 10038
651 #4 - PUNTO DE ACCESO ADICIONAL DE MATERIA--NOMBRE GEOGRÁFICO
Nombre geográfico México
Subdivisión de forma Vida social y costumbres
9 (RLIN) 10039
902 ## - CATALOGADOR
Iniciales GFM
942 ## - ELEMENTOS DE PUNTO DE ACCESO ADICIONAL (KOHA)
Fuente del sistema de clasificación o colocación Library of Congress Classification
Tipo de ítem Koha Libros
Holdings
Estado de retiro Estado de pérdida Estado dañado No para préstamo Localización permanente Ubicación/localización actual Fecha de adquisición Número de inventario Total de préstamos Signatura topográfica completa Código de barras Fecha visto por última vez Precio válido a partir de Tipo de ítem Koha
El ejemplar forma parte de la colección y puede ser consultado según las políticas vigentes.       Biblioteca del Museo Franz Mayer (Rogerio Casas-Alatriste) Biblioteca del Museo Franz Mayer (Rogerio Casas-Alatriste) 17/12/2009 C13.   F1208 .B43 1828 (C13.) 3851 22/03/2019 22/03/2019 Libros